000
00334nam a2200145Ia 4500
008
150301s2015 xx 000 0 und d
082
_a
615.4
_b
C05C
100
_a
CARTER, S.J
245
_a
COOPER AND GUNN'S TUTORIAL PHARMACY
250
_a
6TH
260
_b
CBS- DELHI
300
_a
469
650
_a
PHARMACY
942
_2
ddc
_c
BK
_0
23
999
_c
7399
_d
7399